| 000 | 02113nam a2200433 c 4500 | ||
|---|---|---|---|
| 003 | BLK | ||
| 005 | 20230210111719.0 | ||
| 008 | 180408b bul|||||r ||||||| ||bul|| | ||
| 010 | _aKNG00078188000 | ||
| 020 |
_a954-449-302-8 _bиздат.: Стено |
||
| 040 | _aBLK | ||
| 041 |
_aBUL _cBUL |
||
| 080 |
_aПсихопатология. Вж и 616.8 _b159.97 _x _z159.97 |
||
| 080 |
_aПсихиатрия. Патологична психология. Френопатии. Аутизъм (мед. аспекти). Психични(душевни) болести. Психози. Вж и 159.9; 612.82; 615.851; Съдебна психиатрия вж 340.6 _b616.89 _x _z616.89 |
||
| 080 |
_aВъзприемане на времето (продължителност) и ритъма. Вж и 115 _b159.937.53 _x _z159.937.53 |
||
| 080 |
_aПсихология на расата. Народопсихология _b159.922.4 _x _z159.922.4 |
||
| 100 | 1 |
_aПопов, Георги Иванов _eпърви автор _9269175 |
|
| 139 |
_aПопов, Георги Иванов _bП 76 |
||
| 245 | 1 | 0 |
_aХаос и ред или принципът на "дозираната нестабилност" _cГеорги Иванов Попов. |
| 257 | _aBGR | ||
| 260 |
_аВарна _bСтено _c2007 |
||
| 300 |
_a232 с. с табл., диагр. _c24 см |
||
| 380 | _a1 | ||
| 500 | _aОфс. изд. - ъдържа и Проучени индивидуални случаи. - Библиогр. след отд. статии. | ||
| 504 | _aслед отд. стати | ||
| 650 | 4 |
_aПсихология, патологична _9271924 |
|
| 650 | 4 |
_aПсихични болести _9253394 |
|
| 650 | 4 |
_aНародопсихология _9163472 |
|
| 653 | _aпсихология | ||
| 653 | _aпсихиатрия | ||
| 653 | _aетнопсихология | ||
| 653 | _aнаркозависимост | ||
| 653 | _aнародопсихология | ||
| 852 | _aЦб 235978 | ||
| 856 | 4 |
_qpdf _u |
|
| 856 | 4 |
_qpdf _u |
|
| 942 |
_cKNG _n0 _03 |
||
| 944 |
_aCR _c12.10.2007 _kНаталия_Медовщикова |
||
| 944 |
_aED _c17.12.2008 _k |
||
| 999 |
_c73793 _d73793 |
||